| 000 | 00377nam a22001577a 4500 | ||
|---|---|---|---|
| 003 | 0 | ||
| 005 | 20220114142146.0 | ||
| 008 | 0 | ||
| 040 | _c0 | ||
| 050 |
_aQA303 _b.V715 1977 |
||
| 100 | _aVillamil, Ma.Mauricio | ||
| 245 |
_aGeometry _cMa. Mauricio Villamil |
||
| 260 |
_bAddison Wesley Publishing; _cc1977 |
||
| 300 |
_a676 pages: _bwith Illustrations; _c22 cm. |
||
| 942 |
_2lcc _cF |
||
| 999 |
_c2483 _d2483 |
||